000 00295nam a22001337a 4500
008 170309b xxu||||| |||| 00| 0 eng d
020 _a9781416033851
041 _aeng
080 _24TH
_a611
100 _a6
101 _aSHM
245 _aATLAS OF HUMAN ANATOMY
_cNETTER, F.H
942 _2udc
_cBK
999 _c7385
_d7385